000 00282nam a2200097Ia 4500
001 1227101
005 20250827093017.0
008 250824s9999 xx 000 0 und d
245 0 _aANNEM BENİ SEVMİYOR MU
_cGÜLTEN DAYIOĞLU
260 _bALTIN KİTAPLAR YAYINLARI
999 _c1227101
_d1227101